000 01545cam a2200409 i 4500
999 _c329940
_d329940
001 16301354
003 NUST
005 20180117090026.0
008 100524s2007 sz b 001 0 eng
010 _a 2010318765
020 _a9781424334445
020 _a9788182910812
025 _aI-E-2010-318765; 88-91
035 _a(IN-NdUBS) 2010318765
037 _bLibrary of Congress -- New Delhi Overseas Office
040 _aDLC
_beng
_cDLC
_dDLC
_erda
042 _alcode
_apcc
050 0 0 _aRC451.4.D57
_bI57 2007
082 _a616.8521
110 2 _aInter-Agency Standing Committee.
_91774
245 1 0 _aIASC guidelines on mental health and psychosocial support in emergency settings.
260 _aGeneva :
_bInter-Agency Standing Committee,
_c[2007]
300 _aix, 186 pages ;
_c23 cm +
_e1 CD-ROM (4 3/4 in.)
336 _atext
_2rdacontent
337 _3book
_aunmediated
_2rdamedia
337 _3CD-ROM
_acomputer
_2rdamedia
338 _3book
_avolume
_2rdacarrier
338 _3CD-ROM
_acomputer disc
_2rdacarrier
500 _aOne folded leaf inserted.
504 _aIncludes bibliographical references and index.
650 0 _aDisaster relief.
_91775
650 0 _aDisaster victims
_xMental health services.
_91776
906 _a7
_bcbc
_corigode
_d3
_encip
_f20
_gy-gencatlg
942 _2ddc
_cBK